|
|
|
|
| LEADER |
00000cam a22000004a 4500 |
| 001 |
musev2_3902 |
| 003 |
MdBmJHUP |
| 005 |
20230905040501.0 |
| 006 |
m o d |
| 007 |
cr||||||||nn|n |
| 008 |
990208s1999 inu o 00 0 eng d |
| 010 |
|
|
|z 99011004
|
| 020 |
|
|
|a 9780253002624
|
| 020 |
|
|
|z 0253002621
|
| 020 |
|
|
|z 9780253335838
|
| 035 |
|
|
|a (OCoLC)607390983
|
| 040 |
|
|
|a MdBmJHUP
|c MdBmJHUP
|
| 041 |
1 |
|
|a eng
|h heb
|
| 050 |
0 |
4 |
|a GR98
|b .Y3713 1999
|
| 082 |
0 |
|
|a 398.2/089/924
|2 21
|
| 100 |
1 |
|
|a Yassif, Eli,
|d 1946-
|
| 240 |
1 |
0 |
|a Sipur ha-ʻam ha-ʻIvri.
|l English
|
| 245 |
1 |
4 |
|a The Hebrew Folktale :
|b History, Genre, Meaning /
|c Eli Yassif ; translated from Hebrew by Jacqueline S. Teitelbaum.
|
| 264 |
|
1 |
|a Bloomington, Ind. :
|b Indiana University Press,
|c 1999.
|
| 264 |
|
3 |
|a Baltimore, Md. :
|b Project MUSE,
|c 2012
|
| 264 |
|
4 |
|c ©1999.
|
| 300 |
|
|
|a 1 online resource (584 pages).
|
| 336 |
|
|
|a text
|b txt
|2 rdacontent
|
| 337 |
|
|
|a computer
|b c
|2 rdamedia
|
| 338 |
|
|
|a online resource
|b cr
|2 rdacarrier
|
| 504 |
|
|
|a Includes bibliographical references (p. [461]-541) and index.
|
| 588 |
|
|
|a Description based on print version record.
|
| 650 |
|
0 |
|a Jews
|x Folklore.
|
| 650 |
|
0 |
|a Tales
|x History and criticism.
|
| 650 |
|
0 |
|a Jewish folk literature
|x History and criticism.
|
| 650 |
|
0 |
|a Folk literature, Hebrew
|x History and criticism.
|
| 655 |
|
7 |
|a Electronic books.
|2 local
|
| 710 |
2 |
|
|a Project Muse.
|e distributor
|
| 830 |
|
0 |
|a Book collections on Project MUSE.
|
| 856 |
4 |
0 |
|z Texto completo
|u https://projectmuse.uam.elogim.com/book/3902/
|
| 945 |
|
|
|a Project MUSE - Custom Collection
|
| 945 |
|
|
|a Project MUSE - Archive Complete Foundation
|
| 945 |
|
|
|a Project MUSE - Archive Literature Foundation
|
| 945 |
|
|
|a Project MUSE - Archive Jewish Studies Foundation
|